| 000 | 00448pab a2200169 454500 | ||
|---|---|---|---|
| 008 | 180718b1996 xxu||||| |||| 00| 0 eng d | ||
| 100 | _aJalal, Jayashree | ||
| 245 |
_aReadjusting vocational education in Poland _bsome lessons for India. |
||
| 260 | _c1996 | ||
| 300 | _ap.26-30 | ||
| 362 | _a18 May | ||
| 650 | _aEducation - Poland | ||
| 650 | _aVocational education - Poland | ||
| 650 | _aEducation | ||
| 773 | _aMainstream | ||
| 909 | _a31132 | ||
| 999 |
_c31132 _d31132 |
||